000 00304nam a22001337a 4500
008 170130b xxu||||| |||| 00| 0 eng d
020 _a9780323026284
041 _aeng
080 _211TH
_a61
100 _a3
101 _aSHMI
245 _aREMOVABLE PARTIAL PROSTHODONTICS
_cCARR, A.B
942 _2udc
_cBK
999 _c3957
_d3957